Science General Knowledge - Statistics

General Stats
  • This quiz has been taken 96 times
  • The average score is 8 of 15
Answer Stats
No. Hint Starting Letter/Number Answer % Correct
4 The chemical formula of water. H H2O
96%
5 The chemical formula of carbon dioxide. C CO2
95%
8 Biology is the study of _____. L Life
95%
7 The study of weather. M Meteorology
91%
6 Study of plants. B Botany
86%
9 The study of earthquakes. S Seismology
83%
3 The total number of elements as of January 2022. 1 118
51%
2 The element named after Nicholas Copernicus. C Copernicium
49%
10 Someone who studies physics. P Physician
36%
12 Health professional for children. P Pediatrician
33%
1 The last element of the periodic table as of January 2022. O Oganesson
28%
14 Health professional of the urinary system. U Urologist
16%
15 Health professional for the kidneys. N Nephrologist
13%
13 Health professional for the eyes. O Ophthalmologist
11%
11 Health professional for the elderly. G Gerontology
5%
No matching quizzes found
Score Distribution
Percent of People with Each Score
Percentile by Number Answered
Your Score History
You have not taken this quiz